A compleat journal of the votes, speeches and debates, both of the House of Lords and House of Commons throughout the whole reign of Queen Elizabeth, of glorious memory /

Bibliographic Details
Main Author: D'Ewes, Simonds, Sir, 1602-1650
Other Authors: Bowes, Paul, -1702
Format: Microform Book
Language:English
Edition:The second edition.
Series:Early English books, 1641-1700 ; 664:3.
Subjects:

MARC

Tag First Indicator Second Indicator Subfields
LEADER 00000cam a2200000 a 4500
001 in00000938457
005 20150926131750.0
007 hd afv|||baca
008 850906s1693 miuf a 00100 eng d
035 |a (OCoLC)12498375 
035 |9 AET7921AM 
037 |a CL0037000019  |b UMI 
037 |b University Microfilms International, 300 N. Zeeb Road, Ann Arbor, MI 48106. 
040 |a EAA  |c EAA  |d m/c  |d UtOrBLW 
049 |a TXAI 
099 |a film   |a  B   |a  3609 
100 1 |a D'Ewes, Simonds,  |c Sir,  |d 1602-1650. 
245 1 2 |a A compleat journal of the votes, speeches and debates, both of the House of Lords and House of Commons throughout the whole reign of Queen Elizabeth, of glorious memory /  |c collected by the eminent member of Parliament, Sir Simonds D'Ewes, baronet ; published by Paul Bowes ... 
250 |a The second edition. 
264 3 |a London :  |b Printed for Jonathan Robinson ..., Jacob Tonson ..., A. & J. Churchil ..., and John Wyat,  |c 1693. 
300 |a 14 unnumbered pages, 689 pages, 18 unnumbered pages, 1 leaf of plates. 
336 |a text  |b txt  |2 rdacontent 
337 |a microform  |b h  |2 rdamedia 
338 |a microfilm reel  |b hd  |2 rdacarrier 
500 |a Indexes: pages [1]-[15] at end. 
500 |a Engraved frontispiece: "Queen Elizabeth in Parliament". 
500 |a The epistle dedicatory to Sir Willoughby D'Ewes, signed Paul Bowes. 
500 |a Added title page: The journals of all the Parliaments during the reign of Queen Elizabeth, both of the House of Lords and House of Commons. London : Printed for John Starkey ..., 1682. 
500 |a Advertisement: pages [16]-[18] at end. 
500 |a Reproduction of original in Huntington Library. 
510 4 |a Wing  |c D1248 
510 4 |a Arber's Term cat.  |c II 431 
533 |a Microfilm.  |b Ann Arbor, Mich. :  |c University Microfilms,  |d 1977.  |e 1 microfilm reel ; 35 mm.  |f (Early English books, 1641-1700 ; 664:3) 
500 |a Microform. 
610 1 0 |a England and Wales.  |b Parliament. 
651 0 |a Great Britain  |x History  |y Elizabeth, 1558-1603. 
700 1 |a Bowes, Paul,  |d -1702. 
740 4 |a The journals of all the Parliaments during the reign of Queen Elizabeth. 
830 0 |a Early English books, 1641-1700 ;  |v 664:3. 
999 |a MARS 
999 f f |s bb13529d-5b6f-3969-a438-dea648c729f0  |i 2d73e3a4-dddc-3b08-9767-4b0a8e9a5e15  |t 0 
952 f f |p default  |a Texas A&M University  |b College Station  |c Sterling C. Evans Library  |d Evans: Microforms (3rd floor)  |t 0  |e film B 3609 664:3  |h Other scheme  |i microform -- microfilm reel 
998 f f |a film B 3609 664:3  |t 0  |l Evans: Microforms (3rd floor)